VAT guarantee and its position in Slovak legislation

Zabránenie daňovým únikom a zábezpeka na daň. Rizikovosť daňového subjektu. Rizikovosť daňového subjektu z pohľadu DPH. Analýza kumulovaných údajov o zloženej, použitej a vrátenej zábezpeky na DPH.

Gespeichert in:
Bibliographische Detailangaben
1. Verfasser: Benko, Ján
Format: Buchkapitel
Sprache:Slowakisch
Schlagworte:
Tags: Tag hinzufügen
Keine Tags, Fügen Sie das erste Tag hinzu!

MARC

LEADER 00000naa$a2200000$$$4500
001 0222819
005 20240502083553.3
041 0 |a slo 
044 |a CZ 
245 1 0 |a VAT guarantee and its position in Slovak legislation  |c Ján Benko 
520 |a Zabránenie daňovým únikom a zábezpeka na daň. Rizikovosť daňového subjektu. Rizikovosť daňového subjektu z pohľadu DPH. Analýza kumulovaných údajov o zloženej, použitej a vrátenej zábezpeky na DPH. 
610 2 0 |a dane 
610 2 0 |a dane z hodnoty pridanej 
610 2 0 |a legislatíva 
610 2 0 |a Slovensko 
100 1 |a Benko, Ján